[Event "Hastings Masters"]
[Site "Horntye, Hastings"]
[Date "2017.12.29"]
[Round "2.26"]
[White "Sun, Xinyue"]
[Black "Larsen, Andreas"]
[Result "1-0"]
[BlackElo "1953"]
[WhiteElo "2146"]
[LiveChessVersion "1.4.8"]

1. e4 {[%clk 1:40:27]} c6 {[%clk 1:40:32]} 2. d4 {[%clk 1:40:51]} d5
{[%clk 1:40:57]} 3. Nd2 {[%clk 1:41:16]} dxe4 {[%clk 1:41:19]} 4. Nxe4
{[%clk 1:41:41]} Nf6 {[%clk 1:41:41]} 5. Nxf6+ {[%clk 1:40:31]} exf6
{[%clk 1:41:28]} 6. c3 {[%clk 1:39:20]} Bd6 {[%clk 1:38:28]} 7. Bd3
{[%clk 1:37:49]} Qc7 {[%clk 1:35:56]} 8. Ne2 {[%clk 1:35:24]} Bg4
{[%clk 1:32:01]} 9. Qc2 {[%clk 1:31:53]} Nd7 {[%clk 1:22:32]} 10. Be3
{[%clk 1:22:46]} O-O-O {[%clk 1:04:06]} 11. f3 {[%clk 1:11:39]} Bh5
{[%clk 0:57:30]} 12. O-O-O {[%clk 1:11:13]} Rhe8 {[%clk 0:55:22]} 13. Bf2
{[%clk 1:08:10]} Bg6 {[%clk 0:49:02]} 14. c4 {[%clk 0:57:21]} Qa5
{[%clk 0:27:38]} 15. Kb1 {[%clk 0:41:17]} Qg5 {[%clk 0:21:36]} 16. Bg3
{[%clk 0:14:32]} Bxg3 {[%clk 0:19:50]} 17. Nxg3 {[%clk 0:14:59]} Kb8
{[%clk 0:19:05]} 18. Bxg6 {[%clk 0:13:21]} hxg6 {[%clk 0:19:06]} 19. Ne4
{[%clk 0:13:02]} Qf4 {[%clk 0:19:12]} 20. c5 {[%clk 0:12:53]} Nf8
{[%clk 0:18:03]} 21. Nd6 {[%clk 0:09:21]} Rxd6 {[%clk 0:16:25]} 22. cxd6
{[%clk 0:09:46]} Qxd6 {[%clk 0:16:50]} 23. Qc4 {[%clk 0:09:36]} Nd7
{[%clk 0:12:11]} 24. Rhe1 {[%clk 0:08:11]} Re6 {[%clk 0:12:04]} 25. a3
{[%clk 0:07:27]} Nb6 {[%clk 0:11:47]} 26. Qc5 {[%clk 0:07:20]} Qd7
{[%clk 0:11:12]} 27. Re4 {[%clk 0:05:40]} f5 {[%clk 0:09:17]} 28. Rxe6
{[%clk 0:04:57]} fxe6 {[%clk 0:08:14]} 29. Qe5+ {[%clk 0:05:23]} Ka8
{[%clk 0:08:31]} 30. Re1 {[%clk 0:05:45]} a6 {[%clk 0:08:44]} 31. Qxe6
{[%clk 0:05:39]} Qxd4 {[%clk 0:09:04]} 32. Qe3 {[%clk 0:05:44]} 1-0

[Event "Hastings Masters"]
[Site "Horntye, Hastings"]
[Date "2017.12.29"]
[Round "2.27"]
[White "Rogacewicz, Mikolaj"]
[Black "Hand, Freddie"]
[Result "1/2-1/2"]
[BlackElo "2139"]
[WhiteElo "1961"]
[LiveChessVersion "1.4.8"]

1. d4 {[%clk 1:39:17]} d5 {[%clk 1:40:56]} 2. c4 {[%clk 1:39:28]} dxc4
{[%clk 1:41:21]} 3. e3 {[%clk 1:39:52]} Nf6 {[%clk 1:41:42]} 4. Bxc4
{[%clk 1:39:42]} e6 {[%clk 1:42:08]} 5. Nf3 {[%clk 1:38:29]} a6 {[%clk 1:41:14]}
6. O-O {[%clk 1:35:19]} b5 {[%clk 1:40:20]} 7. Be2 {[%clk 1:29:22]} Nbd7
{[%clk 1:38:06]} 8. a3 {[%clk 1:24:17]} c5 {[%clk 1:33:44]} 9. dxc5
{[%clk 1:22:35]} Bxc5 {[%clk 1:33:50]} 10. b4 {[%clk 1:22:07]} Be7
{[%clk 1:28:54]} 11. Bb2 {[%clk 1:16:45]} O-O {[%clk 1:27:54]} 12. Qb3
{[%clk 1:15:49]} Bb7 {[%clk 1:28:03]} 13. Nc3 {[%clk 1:15:30]} Qb6
{[%clk 1:14:23]} 14. Rfd1 {[%clk 1:07:03]} Rfd8 {[%clk 1:14:30]} 15. Rd2
{[%clk 1:01:34]} Bxf3 {[%clk 0:30:31]} 16. Bxf3 {[%clk 0:59:16]} Ne5
{[%clk 0:30:24]} 17. Bxa8 {[%clk 0:48:23]} Rxd2 {[%clk 0:30:45]} 18. Ne4
{[%clk 0:43:22]} Nxe4 {[%clk 0:14:54]} 19. Bxe4 {[%clk 0:42:17]} Nc4
{[%clk 0:13:36]} 20. Bd4 {[%clk 0:33:23]} Qd8 {[%clk 0:11:41]} 21. Rc1
{[%clk 0:29:39]} Bf6 {[%clk 0:10:38]} 22. Bxf6 {[%clk 0:28:39]} Qxf6
{[%clk 0:10:52]} 23. Bf3 {[%clk 0:28:52]} g5 {[%clk 0:06:02]} 24. h3
{[%clk 0:25:17]} Rb2 {[%clk 0:03:28]} 25. Qc3 {[%clk 0:24:07]} Qxc3
{[%clk 0:03:18]} 26. Rxc3 {[%clk 0:24:31]} Rb1+ {[%clk 0:03:41]} 27. Kh2
{[%clk 0:24:47]} Ra1 {[%clk 0:03:30]} 28. Bb7 {[%clk 0:24:52]} Rxa3
{[%clk 0:03:30]} 29. Rxa3 {[%clk 0:25:09]} Nxa3 {[%clk 0:03:56]} 30. Bxa6
{[%clk 0:25:25]} Kf8 {[%clk 0:02:20]} 31. Kg3 {[%clk 0:25:14]} f5
{[%clk 0:00:46]} 32. f4 {[%clk 0:22:19]} h6 {[%clk 0:01:04]} 33. Kf3
{[%clk 0:21:48]} Ke7 {[%clk 0:01:24]} 34. e4 {[%clk 0:21:17]} Nc2
{[%clk 0:00:54]} 35. g4 {[%clk 0:19:59]} fxe4+ {[%clk 0:00:36]} 36. Kxe4
{[%clk 0:19:45]} Nxb4 {[%clk 0:00:42]} 37. Bxb5 {[%clk 0:19:58]} Nd5
{[%clk 0:00:42]} 38. Bc4 {[%clk 0:11:12]} Nxf4 {[%clk 0:00:58]} 39. h4
{[%clk 0:10:18]} Kf6 {[%clk 0:01:02]} 40. Bb3 {[%clk 0:07:27]} Ng6
{[%clk 0:00:40]} 41. hxg5+ {[%clk 0:06:40]} hxg5 {[%clk 0:00:57]} 42. Bd1
{[%clk 0:06:19]} Nf4 {[%clk 0:50:01]} 43. Bf3 {[%clk 0:55:09]} Nd5
{[%clk 0:49:52]} 44. Kd4 {[%clk 0:55:06]} Ne7 {[%clk 0:49:31]} 45. Bb7
{[%clk 0:53:18]} Ng6 {[%clk 0:47:17]} 46. Bf3 {[%clk 0:53:33]} Nf4
{[%clk 0:47:01]} 47. Ke4 {[%clk 0:53:33]} e5 {[%clk 0:46:19]} 48. Bd1
{[%clk 0:52:40]} Nh3 {[%clk 0:46:46]} 49. Bc2 {[%clk 0:52:32]} Nf4
{[%clk 0:47:13]} 50. Bd1 {[%clk 0:52:21]} Ne6 {[%clk 0:47:37]} 51. Bc2
{[%clk 0:51:38]} Nd4 {[%clk 0:47:19]} 52. Bd3 {[%clk 0:51:35]} Nb3
{[%clk 0:47:39]} 53. Be2 {[%clk 0:50:32]} Nc5+ {[%clk 0:47:48]} 54. Kd5
{[%clk 0:50:14]} Nb3 {[%clk 0:47:03]} 55. Ke4 {[%clk 0:50:23]} Nd4
{[%clk 0:47:00]} 56. Bd3 {[%clk 0:50:33]} Ke6 {[%clk 0:46:28]} 57. Bc4+
{[%clk 0:50:45]} Kf6 {[%clk 0:46:41]} 1/2-1/2

[Event "Hastings Masters"]
[Site "Horntye, Hastings"]
[Date "2017.12.29"]
[Round "2.28"]
[White "Stoyanov, Viktor"]
[Black "Rolvag, Mikael"]
[Result "1/2-1/2"]
[BlackElo "2113"]
[WhiteElo "1950"]
[LiveChessVersion "1.4.8"]

1. d4 {[%clk 1:40:57]} Nf6 {[%clk 1:40:53]} 2. Nf3 {[%clk 1:41:17]} e6
{[%clk 1:41:17]} 3. c4 {[%clk 1:41:40]} Bb4+ {[%clk 1:40:56]} 4. Bd2
{[%clk 1:41:52]} Qe7 {[%clk 1:40:06]} 5. Nc3 {[%clk 1:39:38]} Bxc3
{[%clk 1:33:48]} 6. Bxc3 {[%clk 1:39:56]} Ne4 {[%clk 1:34:11]} 7. Qc2
{[%clk 1:37:26]} Nxc3 {[%clk 1:33:49]} 8. Qxc3 {[%clk 1:37:47]} O-O
{[%clk 1:33:41]} 9. e3 {[%clk 1:33:10]} d6 {[%clk 1:31:44]} 10. Bd3
{[%clk 1:30:07]} Nd7 {[%clk 1:30:16]} 11. O-O {[%clk 1:27:50]} e5
{[%clk 1:27:15]} 12. Qc2 {[%clk 1:25:42]} Nf6 {[%clk 1:25:06]} 13. Nd2
{[%clk 1:19:55]} Re8 {[%clk 1:19:03]} 14. dxe5 {[%clk 1:11:36]} dxe5
{[%clk 1:17:29]} 15. Ne4 {[%clk 1:10:13]} Nxe4 16. Bxe4 {[%clk 1:08:49]} g6
{[%clk 1:10:02]} 17. c5 {[%clk 1:00:44]} c6 {[%clk 1:09:15]} 18. b4
{[%clk 0:53:41]} Be6 {[%clk 1:07:56]} 19. Rfd1 {[%clk 0:52:32]} Red8
{[%clk 1:08:05]} 20. Bd3 {[%clk 0:50:08]} Rd7 {[%clk 1:07:09]} 21. Be2
{[%clk 0:49:00]} 1/2-1/2

[Event "Hastings Masters"]
[Site "Horntye, Hastings"]
[Date "2017.12.29"]
[Round "2.29"]
[White "Byron, Alan M"]
[Black "Dempsey, John"]
[Result "1-0"]
[BlackElo "1911"]
[WhiteElo "2099"]
[LiveChessVersion "1.4.8"]

1. e4 {[%clk 1:40:56]} c5 {[%clk 1:40:54]} 2. Nf3 {[%clk 1:41:16]} g6
{[%clk 1:41:15]} 3. c3 {[%clk 1:40:00]} Bg7 {[%clk 1:41:40]} 4. d4
{[%clk 1:40:02]} cxd4 {[%clk 1:42:05]} 5. cxd4 {[%clk 1:40:28]} d5
{[%clk 1:42:31]} 6. e5 {[%clk 1:40:50]} Nh6 {[%clk 1:42:53]} 7. Nc3
{[%clk 1:40:52]} O-O {[%clk 1:43:12]} 8. h3 {[%clk 1:40:03]} Nc6 {[%clk 1:43:10]}
9. Bb5 {[%clk 1:39:39]} e6 {[%clk 1:41:15]} 10. Bxc6 {[%clk 1:31:37]} bxc6
{[%clk 1:41:38]} 11. O-O {[%clk 1:31:55]} Nf5 {[%clk 1:41:41]} 12. Na4
{[%clk 1:31:56]} Qc7 {[%clk 1:38:40]} 13. Nc5 {[%clk 1:30:42]} a5
{[%clk 1:36:15]} 14. Re1 {[%clk 1:30:27]} Ba6 {[%clk 1:33:47]} 15. g4
{[%clk 1:23:13]} Ne7 {[%clk 1:33:55]} 16. Bd2 Kh8 {[%clk 1:25:51]} 17. Kg2
{[%clk 1:14:07]} Bc8 18. Rc1 {[%clk 1:10:17]} Ng8 {[%clk 1:23:46]} 19. Rc3
{[%clk 1:08:36]} Bd7 {[%clk 1:23:59]} 20. Qc1 {[%clk 1:04:02]} Rfc8
{[%clk 1:23:51]} 21. h4 {[%clk 1:02:35]} h6 {[%clk 1:23:48]} 22. Rh1
{[%clk 0:59:03]} Be8 {[%clk 1:23:50]} 23. Ng5 {[%clk 0:41:57]} Bf8 24. Nh3
{[%clk 0:31:43]} Bxc5 {[%clk 0:56:57]} 25. Rxc5 {[%clk 0:30:50]} Kg7
{[%clk 0:56:34]} 26. h5 {[%clk 0:26:05]} Qe7 {[%clk 0:52:20]} 27. g5
{[%clk 0:25:14]} hxg5 {[%clk 0:47:35]} 28. Bxg5 {[%clk 0:25:33]} f6
{[%clk 0:47:57]} 29. h6+ {[%clk 0:19:52]} Kh7 {[%clk 0:47:04]} 30. exf6
{[%clk 0:20:15]} Qf7 {[%clk 0:46:59]} 31. Bf4 {[%clk 0:15:23]} Qf8
{[%clk 0:39:55]} 32. Ng5+ {[%clk 0:12:04]} Kh8 {[%clk 0:40:13]} 33. f7
{[%clk 0:11:52]} 1-0

[Event "Hastings Masters"]
[Site "Horntye, Hastings"]
[Date "2017.12.29"]
[Round "2.30"]
[White "Verma, Aditya"]
[Black "Wilson, Matthew R"]
[Result "1-0"]
[BlackElo "1782"]
[WhiteElo "2069"]
[LiveChessVersion "1.4.8"]

1. e4 {[%clk 1:40:56]} c5 {[%clk 1:40:55]} 2. Nf3 {[%clk 1:41:23]} e6
{[%clk 1:41:22]} 3. d4 {[%clk 1:41:48]} cxd4 {[%clk 1:41:49]} 4. Nxd4
{[%clk 1:42:10]} a6 {[%clk 1:42:16]} 5. Nc3 {[%clk 1:42:30]} Qc7 {[%clk 1:42:43]}
6. g3 {[%clk 1:42:19]} Bb4 {[%clk 1:42:35]} 7. Nde2 {[%clk 1:42:18]} Nf6
{[%clk 1:41:41]} 8. Bg2 {[%clk 1:41:35]} Be7 {[%clk 1:39:34]} 9. O-O
{[%clk 1:41:51]} O-O {[%clk 1:39:09]} 10. h3 {[%clk 1:42:00]} Nc6
{[%clk 1:39:17]} 11. g4 {[%clk 1:41:04]} d6 {[%clk 1:32:52]} 12. a4
{[%clk 1:38:35]} b6 {[%clk 1:29:00]} 13. Be3 {[%clk 1:38:27]} Bb7
{[%clk 1:26:40]} 14. f4 {[%clk 1:37:13]} Rad8 {[%clk 1:12:01]} 15. g5
{[%clk 1:35:41]} Nd7 {[%clk 1:11:21]} 16. Qe1 {[%clk 1:26:39]} Nb4
{[%clk 1:03:45]} 17. Nd4 {[%clk 1:08:41]} d5 {[%clk 0:48:00]} 18. exd5
{[%clk 1:06:42]} Nxd5 {[%clk 0:43:41]} 19. Nxd5 {[%clk 1:00:46]} Bxd5
{[%clk 0:43:51]} 20. Bxd5 {[%clk 0:56:58]} exd5 {[%clk 0:44:13]} 21. Nf5
{[%clk 0:43:35]} Rfe8 {[%clk 0:30:25]} 22. Bd4 {[%clk 0:33:34]} Bf8
{[%clk 0:22:31]} 23. Qc3 {[%clk 0:28:08]} Qxc3 {[%clk 0:22:53]} 24. Bxc3 Nc5
{[%clk 0:16:05]} 25. Bd4 {[%clk 0:26:07]} Re4 {[%clk 0:13:30]} 26. b3
{[%clk 0:17:04]} Rde8 {[%clk 0:11:37]} 27. Rad1 {[%clk 0:15:46]} Ne6
{[%clk 0:07:08]} 28. Bxb6 {[%clk 0:11:24]} Nxf4 {[%clk 0:07:26]} 29. Rf3
{[%clk 0:05:49]} Ne2+ {[%clk 0:04:48]} 30. Kf2 {[%clk 0:04:44]} Nf4
{[%clk 0:02:54]} 31. Kf1 {[%clk 0:05:06]} Nh5 {[%clk 0:02:07]} 32. Kg1
{[%clk 0:01:47]} Re2 {[%clk 0:01:27]} 33. Rf2 {[%clk 0:01:55]} Re1+
{[%clk 0:01:36]} 34. Rxe1 {[%clk 0:01:37]} Rxe1+ {[%clk 0:02:05]} 35. Kg2
{[%clk 0:02:00]} Re4 {[%clk 0:01:01]} 36. Ng3 {[%clk 0:00:58]} Nxg3
{[%clk 0:01:03]} 37. Kxg3 {[%clk 0:01:26]} Bd6+ {[%clk 0:01:10]} 38. Kg2
{[%clk 0:01:29]} Re5 {[%clk 0:01:15]} 39. Bd8 {[%clk 0:01:21]} Bc5
{[%clk 0:01:18]} 40. Rd2 {[%clk 0:00:55]} d4 {[%clk 0:43:21]} 41. b4
{[%clk 0:35:29]} Ba7 {[%clk 0:43:21]} 42. Kf3 {[%clk 0:33:21]} h6
{[%clk 0:37:53]} 43. gxh6 {[%clk 0:30:26]} gxh6 {[%clk 0:36:42]} 44. Rd3
{[%clk 0:28:38]} Rf5+ {[%clk 0:31:03]} 45. Ke4 {[%clk 0:24:36]} Rf2
{[%clk 0:30:36]} 46. b5 {[%clk 0:21:33]} axb5 {[%clk 0:28:03]} 47. axb5
{[%clk 0:21:38]} Rxc2 {[%clk 0:27:14]} 48. b6 {[%clk 0:21:19]} Bb8
{[%clk 0:23:08]} 49. Rxd4 {[%clk 0:19:38]} Kf8 {[%clk 0:20:32]} 50. Bf6
{[%clk 0:13:53]} Rc8 {[%clk 0:19:42]} 51. Kd5 {[%clk 0:10:43]} Re8
{[%clk 0:13:19]} 52. Rc4 {[%clk 0:08:35]} Kg8 {[%clk 0:13:03]} 53. Rg4+
{[%clk 0:06:45]} Kh7 {[%clk 0:10:59]} 54. Rg7+ {[%clk 0:06:30]} Kh8
{[%clk 0:11:28]} 55. Rxf7+ {[%clk 0:06:41]} Kg8 {[%clk 0:11:57]} 56. Rg7+
{[%clk 0:06:59]} Kf8 {[%clk 0:11:49]} 57. Rh7 {[%clk 0:07:20]} Kg8
{[%clk 0:09:12]} 58. Rh8+ {[%clk 0:08:01]} Kf7 {[%clk 0:09:41]} 59. Rxe8
{[%clk 0:08:22]} Kxe8 {[%clk 0:10:02]} 60. Be5 {[%clk 0:08:46]} Bxe5
{[%clk 0:09:31]} 61. Kxe5 {[%clk 0:09:10]} Kd7 {[%clk 0:09:59]} 62. Kf6
{[%clk 0:09:24]} 1-0

[Event "Hastings Masters"]
[Site "Horntye, Hastings"]
[Date "2017.12.29"]
[Round "2.31"]
[White "Berger, Konstantin"]
[Black "Spanton, Tim R"]
[Result "0-1"]
[BlackElo "1880"]
[WhiteElo "2041"]
[LiveChessVersion "1.4.8"]

1. e4 {[%clk 1:40:57]} e5 {[%clk 1:40:55]} 2. Nf3 {[%clk 1:41:22]} Nc6
{[%clk 1:41:21]} 3. d4 {[%clk 1:41:33]} exd4 {[%clk 1:41:45]} 4. Nxd4
{[%clk 1:41:54]} Bc5 {[%clk 1:42:09]} 5. Nb3 {[%clk 1:41:38]} Bb6
{[%clk 1:42:29]} 6. Nc3 {[%clk 1:42:03]} Nf6 {[%clk 1:42:11]} 7. Bg5
{[%clk 1:39:01]} h6 {[%clk 1:42:28]} 8. Bh4 {[%clk 1:39:12]} d6 {[%clk 1:40:42]}
9. Bd3 {[%clk 1:33:03]} g5 {[%clk 1:36:40]} 10. Bg3 {[%clk 1:31:57]} Be6
{[%clk 1:36:25]} 11. Qe2 {[%clk 1:29:42]} Qe7 {[%clk 1:33:40]} 12. O-O-O
{[%clk 1:27:00]} O-O-O {[%clk 1:33:05]} 13. Na4 {[%clk 1:23:21]} Nb4
{[%clk 1:27:28]} 14. Nxb6+ {[%clk 1:19:46]} axb6 {[%clk 1:27:50]} 15. Kb1
{[%clk 1:12:21]} Nxd3 {[%clk 1:27:58]} 16. Qxd3 {[%clk 1:06:53]} Bxb3
{[%clk 1:28:15]} 17. Qxb3 {[%clk 1:06:52]} Nxe4 {[%clk 1:28:30]} 18. Qe3
{[%clk 1:05:19]} Rhe8 {[%clk 1:26:41]} 19. Rde1 {[%clk 1:00:26]} Nxg3
{[%clk 1:23:31]} 20. Qxe7 Rxe7 {[%clk 1:23:50]} 21. hxg3 {[%clk 0:58:06]} Rde8
{[%clk 1:24:02]} 22. Rxe7 {[%clk 0:57:32]} Rxe7 {[%clk 1:24:26]} 23. Kc1
{[%clk 0:57:48]} Re2 {[%clk 1:24:09]} 24. Rf1 {[%clk 0:58:02]} Kd7
{[%clk 1:24:16]} 25. Kd1 {[%clk 0:58:27]} Re4 {[%clk 1:23:51]} 26. Rh1
{[%clk 0:57:53]} Re6 {[%clk 1:24:09]} 27. g4 {[%clk 0:57:17]} d5 {[%clk 1:24:13]}
28. Kd2 {[%clk 0:55:18]} Kd6 {[%clk 1:24:29]} 29. Rh3 {[%clk 0:55:02]} Rf6
{[%clk 1:23:36]} 30. Ke2 {[%clk 0:51:13]} b5 {[%clk 1:23:49]} 31. a3
{[%clk 0:48:34]} b6 {[%clk 1:23:51]} 32. Ke1 {[%clk 0:42:56]} c5 {[%clk 1:24:06]}
33. Ke2 {[%clk 0:41:48]} d4 {[%clk 1:23:54]} 34. c3 {[%clk 0:35:48]} dxc3
{[%clk 1:22:56]} 35. Rxc3 {[%clk 0:36:03]} c4 {[%clk 1:20:33]} 36. Rc1
{[%clk 0:14:17]} Kd5 {[%clk 1:20:16]} 37. Rc3 {[%clk 0:10:39]} Kc5
{[%clk 1:19:35]} 38. Rc1 {[%clk 0:05:36]} b4 {[%clk 1:19:41]} 39. axb4+
{[%clk 0:05:13]} Kxb4 {[%clk 1:20:05]} 40. Rc3 {[%clk 0:05:28]} b5
{[%clk 1:19:26]} 41. f3 {[%clk 0:02:12]} Kc5 {[%clk 1:19:40]} 42. Rc1
{[%clk 0:01:12]} Rd6 {[%clk 1:19:08]} 43. Ra1 {[%clk 0:43:00]} Kb4
{[%clk 2:07:16]} 44. Ra3 {[%clk 0:42:02]} Rd3 {[%clk 2:06:36]} 45. Ra6
{[%clk 0:40:45]} Rb3 {[%clk 2:06:37]} 46. Rxh6 {[%clk 0:41:04]} Rxb2+
{[%clk 2:06:59]} 47. Kd1 {[%clk 0:41:28]} c3 {[%clk 2:06:53]} 48. Rb6
{[%clk 0:40:46]} Kc4 {[%clk 2:04:57]} 49. Rc6+ {[%clk 0:40:50]} Kb3
{[%clk 2:04:49]} 50. g3 {[%clk 0:40:49]} Rg2 {[%clk 2:04:36]} 51. f4
{[%clk 0:40:36]} c2+ {[%clk 2:04:23]} 52. Ke1 {[%clk 0:40:59]} Kb2 0-1

[Event "Hastings Masters"]
[Site "Horntye, Hastings"]
[Date "2017.12.29"]
[Round "2.32"]
[White "Pickersgill, Adrian O"]
[Black "Hewson, Brian W R"]
[Result "0-1"]
[BlackElo "2007"]
[WhiteElo "1991"]
[LiveChessVersion "1.4.8"]

1. e4 {[%clk 1:40:55]} c6 {[%clk 1:40:57]} 2. d4 {[%clk 1:41:20]} d5
{[%clk 1:41:21]} 3. exd5 {[%clk 1:41:33]} cxd5 {[%clk 1:41:45]} 4. Bd3
{[%clk 1:41:51]} Nc6 {[%clk 1:42:09]} 5. c3 {[%clk 1:42:14]} Qc7 {[%clk 1:42:30]}
6. h3 {[%clk 1:42:13]} Nf6 {[%clk 1:42:50]} 7. Nf3 {[%clk 1:42:23]} g6
{[%clk 1:43:02]} 8. Be3 {[%clk 1:40:40]} Bf5 {[%clk 1:39:40]} 9. Na3
{[%clk 1:27:30]} a6 {[%clk 1:39:43]} 10. Nc2 {[%clk 1:27:24]} Bg7
{[%clk 1:27:34]} 11. Qe2 {[%clk 1:25:19]} Bxd3 {[%clk 1:16:01]} 12. Qxd3
{[%clk 1:25:41]} O-O {[%clk 1:10:03]} 13. O-O {[%clk 1:25:50]} Rac8
{[%clk 1:08:07]} 14. Rfe1 {[%clk 1:24:17]} Na5 {[%clk 1:03:49]} 15. Rad1
{[%clk 1:22:46]} Nc4 {[%clk 1:03:45]} 16. Bc1 {[%clk 1:22:57]} Ne4
{[%clk 0:59:00]} 17. Ne3 {[%clk 1:21:17]} Nxe3 18. Qxe3 {[%clk 1:20:21]} e6
{[%clk 0:51:54]} 19. Nd2 {[%clk 1:15:06]} Nxd2 {[%clk 0:51:15]} 20. Rxd2
{[%clk 1:15:11]} b5 {[%clk 0:51:21]} 21. Rd3 {[%clk 1:13:17]} Qa5
{[%clk 0:48:16]} 22. a3 {[%clk 1:12:51]} Rc6 {[%clk 0:47:26]} 23. Qf4
{[%clk 1:00:46]} Rfc8 {[%clk 0:46:44]} 24. g4 {[%clk 0:59:16]} Qc7
{[%clk 0:45:34]} 25. Qxc7 {[%clk 0:53:21]} R6xc7 {[%clk 0:44:17]} 26. Bf4
{[%clk 0:53:11]} Rc4 {[%clk 0:44:36]} 27. Be5 {[%clk 0:52:29]} a5
{[%clk 0:43:57]} 28. Bxg7 {[%clk 0:50:14]} Kxg7 {[%clk 0:44:21]} 29. Kg2
{[%clk 0:47:15]} Ra4 {[%clk 0:40:44]} 30. Ree3 {[%clk 0:46:26]} g5
{[%clk 0:35:06]} 31. Kg3 {[%clk 0:46:04]} Rac4 {[%clk 0:35:16]} 32. h4
{[%clk 0:42:14]} h6 {[%clk 0:35:06]} 33. f4 {[%clk 0:40:48]} gxf4+
{[%clk 0:34:19]} 34. Kxf4 {[%clk 0:41:07]} R4c6 {[%clk 0:33:48]} 35. Rg3
{[%clk 0:37:51]} f6 {[%clk 0:26:40]} 36. Rdf3 {[%clk 0:33:21]} Re8
{[%clk 0:15:58]} 37. Re3 {[%clk 0:31:21]} Kg6 {[%clk 0:11:11]} 38. h5+
{[%clk 0:25:28]} Kf7 {[%clk 0:10:30]} 39. Re2 {[%clk 0:21:58]} Rg8
{[%clk 0:10:03]} 40. Rge3 {[%clk 0:21:11]} Rg5 {[%clk 0:10:12]} 41. Rh2
{[%clk 0:13:00]} e5+ {[%clk 0:02:40]} 42. dxe5 {[%clk 0:11:20]} fxe5+
{[%clk 0:02:56]} 43. Kg3 {[%clk 0:09:08]} Rc4 {[%clk 0:00:50]} 44. Rh4
{[%clk 0:09:04]} Ke6 {[%clk 0:48:44]} 45. b3 {[%clk 0:58:54]} Rc8
{[%clk 0:47:29]} 46. Kf2 {[%clk 0:54:18]} a4 {[%clk 0:45:30]} 47. b4
{[%clk 0:53:31]} Rc4 {[%clk 0:45:52]} 48. Rg3 {[%clk 0:52:19]} Rg8
{[%clk 0:43:20]} 49. Ke2 {[%clk 0:51:58]} Rf4 {[%clk 0:42:45]} 50. Rg2
{[%clk 0:47:15]} d4 {[%clk 0:34:37]} 51. cxd4 {[%clk 0:47:07]} exd4
{[%clk 0:34:59]} 52. Rg3 {[%clk 0:46:11]} Kd5 {[%clk 0:35:12]} 53. Kd3
{[%clk 0:44:21]} Rg5 {[%clk 0:33:46]} 54. Kd2 {[%clk 0:43:21]} Ke4
{[%clk 0:33:29]} 55. Kc2 {[%clk 0:41:24]} Rf2+ {[%clk 0:29:59]} 56. Kd1
{[%clk 0:40:06]} Ra2 {[%clk 0:24:31]} 57. Rhh3 {[%clk 0:39:27]} Rg8
{[%clk 0:23:51]} 58. g5 {[%clk 0:37:50]} Rf8 {[%clk 0:22:45]} 59. Ke1
{[%clk 0:36:59]} Rc8 {[%clk 0:20:01]} 60. Kd1 {[%clk 0:31:59]} Rac2
{[%clk 0:12:05]} 61. Rd3 {[%clk 0:30:01]} hxg5 {[%clk 0:11:40]} 62. Rd2
{[%clk 0:28:05]} Rxd2+ {[%clk 0:10:49]} 63. Kxd2 {[%clk 0:28:27]} g4
{[%clk 0:11:13]} 64. Rh4 {[%clk 0:28:23]} Kf3 {[%clk 0:11:37]} 65. h6
{[%clk 0:28:22]} g3 {[%clk 0:11:43]} 66. h7 {[%clk 0:24:38]} g2 {[%clk 0:08:32]}
67. Rh3+ {[%clk 0:24:30]} Kf4 {[%clk 0:08:55]} 68. Rh4+ {[%clk 0:24:33]} Kf5
{[%clk 0:09:18]} 69. Rh5+ {[%clk 0:23:25]} Kf6 {[%clk 0:09:47]} 70. Rc5
{[%clk 0:22:00]} g1=Q {[%clk 0:08:02]} 71. Rxc8 {[%clk 0:21:44]} Qe3+
{[%clk 0:08:12]} 72. Kd1 {[%clk 0:19:14]} Qd3+ {[%clk 0:08:26]} 0-1

[Event "Hastings Masters"]
[Site "Horntye, Hastings"]
[Date "2017.12.29"]
[Round "2.33"]
[White "Coleman, David J"]
[Black "Warnke, Klaus"]
[Result "1-0"]
[BlackElo "1716"]
[WhiteElo "2076"]
[LiveChessVersion "1.4.8"]

1. e4 {[%clk 1:40:55]} c5 {[%clk 1:40:51]} 2. Nf3 {[%clk 1:41:19]} Nc6
{[%clk 1:41:12]} 3. d4 {[%clk 1:41:41]} cxd4 {[%clk 1:41:34]} 4. Nxd4
{[%clk 1:42:04]} e6 {[%clk 1:41:51]} 5. Nb5 {[%clk 1:42:22]} a6 {[%clk 1:34:04]}
6. Nd6+ {[%clk 1:42:43]} Bxd6 {[%clk 1:34:27]} 7. Qxd6 {[%clk 1:43:05]} Qa5+
{[%clk 1:31:43]} 8. Bd2 {[%clk 1:37:27]} Qe5 {[%clk 1:31:08]} 9. Qxe5
{[%clk 1:37:14]} Nxe5 {[%clk 1:32:03]} 10. c4 {[%clk 1:36:13]} Ne7
{[%clk 1:29:38]} 11. Nc3 {[%clk 1:35:42]} O-O {[%clk 1:27:26]} 12. Be3
{[%clk 1:23:08]} f5 {[%clk 1:17:32]} 13. f4 {[%clk 1:21:46]} Nf7 {[%clk 1:10:34]}
14. e5 {[%clk 1:20:43]} Re8 {[%clk 1:06:10]} 15. O-O-O {[%clk 1:19:31]} Ng6
{[%clk 0:56:23]} 16. Na4 {[%clk 1:13:35]} b5 {[%clk 0:46:46]} 17. Nb6
{[%clk 1:07:05]} Rb8 {[%clk 0:44:46]} 18. cxb5 {[%clk 0:58:04]} axb5
{[%clk 0:43:15]} 19. Nxd7 {[%clk 0:54:20]} Ra8 {[%clk 0:31:25]} 20. Bxb5
{[%clk 0:51:12]} Bb7 {[%clk 0:26:43]} 21. Nb6 {[%clk 0:50:19]} Be4
{[%clk 0:22:24]} 22. Bxe8 {[%clk 0:46:11]} Rxe8 {[%clk 0:22:15]} 23. Rd2
{[%clk 0:45:24]} Nh4 {[%clk 0:20:39]} 24. Rg1 {[%clk 0:45:07]} g5
{[%clk 0:20:25]} 25. Nd7 {[%clk 0:34:32]} Rc8+ {[%clk 0:20:11]} 26. Kd1
{[%clk 0:33:53]} gxf4 {[%clk 0:16:30]} 27. Bxf4 {[%clk 0:31:34]} Bb1
{[%clk 0:15:44]} 28. b3 {[%clk 0:30:27]} Kg7 {[%clk 0:12:43]} 29. Ke2
{[%clk 0:26:50]} Be4 {[%clk 0:13:02]} 30. Kf2 {[%clk 0:26:51]} Rc3
{[%clk 0:12:42]} 31. Re1 {[%clk 0:19:05]} Bxg2 {[%clk 0:12:42]} 32. Re3
{[%clk 0:19:13]} Rc1 {[%clk 0:12:52]} 33. Rg3+ {[%clk 0:19:23]} 1-0

[Event "Hastings Masters"]
[Site "Horntye, Hastings"]
[Date "2017.12.29"]
[Round "2.34"]
[White "Tserendorj, Batsaikhan"]
[Black "Salmons, Calum"]
[Result "0-1"]
[BlackElo "1756"]
[WhiteElo "2066"]
[LiveChessVersion "1.4.8"]

1. e4 c5 2. Nf3 d6 3. d4 cxd4 4. Nxd4 Nf6 5. Nc3 g6 6. f4 Nc6 7. Nxc6 bxc6 8. e5
Nd7 9. Qe2 dxe5 10. fxe5 Bg7 11. Bf4 Qa5 12. e6 Bxc3+ 13. bxc3 Qxc3+ 14. Kf2 Qc5+
15. Kg3 fxe6 16. Rd1 Nf6 17. Be5 O-O 18. Re1 Bb7 19. h4 Nh5+ 20. Kh2 Qb4 21. c4
c5 22. Qe3 Rf7 23. Be2 Qa4 24. Bxh5 gxh5 25. Rhf1 Qc2 26. Rxf7 0-1